000 00336cam a22001097a 4500
008 180718b-- xxu||||| |||| 00| 0 eng d
082 _aW100x54 In2c
245 _aIndian Railway general code
_cby Ministry of Railways
260 _aNew Delhi
_bThe author
_c--
500 _aLibrary has 1954, 1960, 1962
700 _aIndia. Ministry of Railways
999 _c396627
_d396627